Príprava podkladov pre materskú účtovnú jednotku v konkrétnej dcérskej účtovnej jednotke diplomová práca

Na minha lista:
Detalhes bibliográficos
Autor principal: Kapustová, Ľubica
Autor Corporativo: Fakulta hospodárskej informatiky EU. Katedra účtovníctva a audítorstva
Outros Autores: Hornická, Renáta, 1977-
Formato: Livro
Idioma:eslovaco
Publicado em: Bratislava 2011
Tags: Adicionar Tag
Sem tags, seja o primeiro a adicionar uma tag!

MARC

LEADER 00000nbm a2200000 4500
001 0132139
005 20161109101751.2
041 0 |a slo 
044 |a SK 
245 1 0 |a Príprava podkladov pre materskú účtovnú jednotku v konkrétnej dcérskej účtovnej jednotke  |b diplomová práca  |c Ľubica Kapustová ; školiteľ: Renáta Hornická 
264 1 |a Bratislava  |c 2011 
300 |a 58 s. 
100 1 |a Kapustová, Ľubica 
700 1 |a Hornická, Renáta, 1977- 
710 2 |a Fakulta hospodárskej informatiky EU. Katedra účtovníctva a audítorstva